000 00764nam a2200229Ia 4500
003 OSt
005 20260205121043.0
008 220923b |||||||| |||| 00| 0 eng d
037 _cGeneral Book
040 _aRTL
_cRTL
_beng
041 _2eng
_aeng
084 _aX:8N91 , L5
_qRTL
100 _aSchneider Arnold E
_9321019
245 0 _aOrganizational communication
260 _aNew York
_bMcGraw-Hill USA
_c1975
300 _axv , 367 p. Appendix : 298-361 P.
_bIncludes bibliographical references and index
650 _aPublic Relation Management
_91113882
700 _aDonaghy William C
_eCo-Author
_91113883
700 _aNewman Pamela Jane
_eCo-Author
_91113884
942 _hX:8N91 , L5
_cGB
_2CC
_n0
999 _c629680
_d629680